| 000 | 00411nam a22001577a 4500 | ||
|---|---|---|---|
| 020 | _a9781439835579 | ||
| 082 | _a551.5773 | ||
| 100 |
_aWAR/RE _9589 |
||
| 245 | _aRemote sensing of Drought : Innovative Monitoring Approaches | ||
| 260 |
_aNew York _bCRC Press _c2012 |
||
| 300 | _a422 | ||
| 700 |
_aWardlow,Brian D. _9590 |
||
| 700 |
_aAnderson,Martha C. _9591 |
||
| 700 |
_aVerdin,James P. _9592 |
||
| 942 | _cBK | ||
| 999 |
_c14373 _d14373 |
||